Wood ash fertilization of energy plant basket willow (Salix viminalis L.)

Salvato in:
Dettagli Bibliografici
Autore principale: Otepka, Pavol
Altri autori: Habán, Miroslav
Natura: Capitolo di libro
Lingua:inglese
Soggetti:
Tags: Aggiungi Tag
Nessun Tag, puoi essere il primo ad aggiungerne!!

MARC

LEADER 00000naa a2200000 4500
001 0208472
005 20231012091026.8
041 0 |a eng 
044 |a SK 
245 1 0 |a Wood ash fertilization of energy plant basket willow (Salix viminalis L.)  |c Pavol Otepka, Miroslav Habán 
610 2 0 |a zdroje energie obnoviteľné 
610 2 0 |a biomasa 
610 2 0 |a rastliny priemyselné 
610 2 0 |a hnojivá 
100 1 |a Otepka, Pavol 
700 1 |a Habán, Miroslav